| Tag |
First Indicator |
Second Indicator |
Subfields |
| LEADER |
00000pam a2200000 a 4500 |
| 001 |
in00000081331 |
| 005 |
20151008061032.0 |
| 008 |
800922s1981 enka b 00110 engm |
| 010 |
|
|
|a 80024361
|
| 020 |
|
|
|a 052123705X
|
| 035 |
|
|
|a (OCoLC)06813056
|
| 035 |
|
|
|9 AAJ7153AM
|
| 040 |
|
|
|a DLC
|c DLC
|d m.c.
|d TXA
|d UtOrBLW
|
| 043 |
|
|
|a e-it---
|
| 049 |
|
|
|a TXAM
|c [1481989]
|
| 050 |
0 |
0 |
|a GV85
|b .D43
|
| 082 |
0 |
|
|a 306/.4
|2 19
|
| 100 |
1 |
|
|a De Grazia, Victoria.
|
| 245 |
1 |
4 |
|a The culture of consent :
|b mass organization of leisure in fascist Italy /
|c Victoria De Grazia.
|
| 264 |
|
1 |
|a Cambridge [England] ;
|a New York :
|b Cambridge University Press,
|c 1981.
|
| 300 |
|
|
|a x, 310 pages :
|b illustrations ;
|c 24 cm.
|
| 336 |
|
|
|a text
|b txt
|2 rdacontent
|
| 337 |
|
|
|a unmediated
|b n
|2 rdamedia
|
| 338 |
|
|
|a volume
|b nc
|2 rdacarrier
|
| 500 |
|
|
|a Includes index.
|
| 504 |
|
|
|a Bibliography: pages 291-300.
|
| 650 |
|
0 |
|a Leisure
|z Italy
|x History
|y 20th century.
|
| 650 |
|
0 |
|a Recreation and state
|z Italy
|x History
|y 20th century.
|
| 650 |
|
0 |
|a Fascism
|z Italy.
|
| 651 |
|
0 |
|a Italy
|x History
|y 1922-1945.
|
| 999 |
|
|
|a MARS
|
| 999 |
f |
f |
|s 4b6a158d-e5f0-3738-beb2-0f81f718e8b6
|i 82c78a84-dbcc-3fe2-b549-b4eb9d310392
|t 0
|
| 952 |
f |
f |
|p ric
|a Texas A&M University
|b Rellis Campus
|c Joint Library Facility
|d Remote Storage
|t 0
|e GV85 .D43
|h Library of Congress classification
|i unmediated -- volume
|m A14806115177
|
| 998 |
f |
f |
|a GV85 .D43
|t 0
|l Remote Storage
|